Cricket: Players to get a Century and 5 Wickets in a Test - Statistics

General Stats
  • This quiz has been taken 42 times
    24 since last reset
  • The average score is 16 of 34
Answer Stats
For Against Year Batting Bowling Answer % Correct
IND ENG 2021 106 5/43 Ravichandran Ashwin
95%
IND WI 2016 113 7/83 Ravichandran Ashwin
95%
IND WI 2011 103 5/156 Ravichandran Ashwin
95%
IND SL 2022 175* 5/41 Ravindra Jadeja
90%
PAK IND 1983 117 6/98, 5/82 Imran Khan
85%
SA BAN 2002 139* 5/21 Jacques Kallis
80%
SA WI 1999 110 5/90 Jacques Kallis
80%
ENG NZ 1984 138 5/59 Lord Ian Botham
80%
ENG AUS 1981 149* 6/95 Lord Ian Botham
80%
ENG IND 1980 114 6/58, 7/48 Lord Ian Botham
80%
ENG PAK 1978 108 8/34 Lord Ian Botham
80%
ENG NZ 1978 103 5/73 Lord Ian Botham
80%
WI ENG 1966 174 5/41 Sir Garfield Sobers
80%
WI IND 1962 104 5/63 Sir Garfield Sobers
80%
BAN ZIM 2014 137 5/80, 5/44 Shakib Al Hasan
65%
BAN PAK 2011 144 6/82 Shakib Al Hasan
65%
PAK AUS 1990 123 5/100 Wasim Akram
60%
IND ENG 1952 184 5/196 Vinoo Mankad
30%
AUS WI 1955 109 6/107 Keith Miller
25%
WI IND 2016 137* 5/121 Roston Chase
25%
PAK WI 1977 121 5/28 Mushtaq Mohammad
20%
PAK NZ 1973 201 5/49 Mushtaq Mohammad
20%
ZIM PAK 1996 106* 5/212 Paul Strang
20%
AUS SA 1958 100 5/84 Richie Benaud
20%
NZ IND 1965 105 5/86 Bruce Taylor
15%
ENG WI 1974 148 6/164 Tony Greig
15%
AUS ENG 1920 100 7/69 Jack Gregory
10%
SA ENG 1910 123 5/120 Aubrey Faulkner
5%
WI IND 1959 100 5/90 Collie Smith
5%
AUS SA 1912 114 5/33 Charles Kelleway
0%
WI AUS 1955 219 5/56 Denis Atkinson
0%
SA ENG 1899 106 6/26 Jimmy Sinclair
0%
IND WI 1962 172* 5/107 Polly Umrigar
0%
BAN NZ 2013 101* 6/77 Sohag Gazi
0%
No matching quizzes found
Score Distribution
Percent of People with Each Score
Percentile by Number Answered
Your Score History
You have not taken this quiz since the last reset